| 000 | 00451nam a2200193Ia 4500 | ||
|---|---|---|---|
| 008 | 170918s9999 xx 000 0 und d | ||
| 020 | _a9780439051533 | ||
| 050 | _bS528 2000 | ||
| 100 | _aShannon, David | ||
| 245 | 4 | _aThe rain came down / | |
| 245 | _cby David Shannon. | ||
| 260 | _aNew York : | ||
| 260 | _bScholastic, | ||
| 260 | _c2000 | ||
| 300 | _aunpaged : | ||
| 300 | _bcolored illustration ; | ||
| 300 | _c22cm. | ||
| 500 | _a370 | ||
| 999 |
_c343104 _d343104 |
||